HVEZDÁRI A TULÁCI STOROČÍ ALEBO DOBRODRUŽSTVÁ ARCHEOLÓGIE

Bibliographic Details
Main Author: Bátorová, Mária, 1950- (Author)
Format: Article
Language:Slovak

MARC

LEADER 00000nab a2200000uu 4500
001 vtls011509715
003 SK-MaSNL
005 20260304032315.0
008 230302|2003 xo |||||||||||||||||slo|
015 |a SNBRB 
035 |a (urnnbn)urn:nbn:sk:snk:ar-000bgk 
035 |a (uuid)8f5028cc-d43d-4eec-afe4-c8f209a68fcf 
035 |a urn:nbn:sk:snk-abe0qh 
040 |a SNKBUCL  |b slo  |c SNKBUCL  |e AACR2 
041 0 |a slo 
044 |a xo  |c SK 
100 1 |a Bátorová, Mária,  |d 1950-  |4 aut  |9 102337 
245 1 0 |a HVEZDÁRI A TULÁCI STOROČÍ ALEBO DOBRODRUŽSTVÁ ARCHEOLÓGIE  |c Mária Bátorová 
773 0 |t Slovenské pohľady  |g Roč. 119, č. 7 - 8 (2003), s. 235-246 
958 |a OND 
958 |a EUIPO 
958 |a article21 
999 |c 2642413  |d 2644343